000 00878nam a2200253Ia 4500
003 OSt
005 20220918110758.0
006 a|||||r|||| 00| 0
007 ta
008 220915b |||||||| |||| 00| 0 hin d
024 _a164302
037 _cReference Collections
040 _aARTS
_cARTS
_bhin
041 _2hin
_ahin
082 _aO152:gaN77, L8(RR)
100 _aमहाजन, यशपाल, संपा.
245 0 _aहिन्दी आलोचना कोश
246 _aHindī ālochanā kosha
260 _aदिल्ली
_bभारतीय ग्रंथ निकेतन भारत
_c1978
300 _a216 पृ0
650 _aहिन्दी साहित्य
942 _hO152:gaN77, L8(RR)
_cREF
999 _c114661
_d114661